First Annual Report of the Bureau of Ethnology to the Secretary of the Smithsonian Institution : (Record no. 262193)
[ view plain ]
| 000 -LEADER | |
|---|---|
| fixed length control field | 02638cam a22004333a 4500 |
| 001 - CONTROL NUMBER | |
| control field | 32938 |
| 003 - CONTROL NUMBER IDENTIFIER | |
| control field | PGUSA |
| 005 - DATE AND TIME OF LATEST TRANSACTION | |
| control field | 20140828083719.0 |
| 008 - FIXED-LENGTH DATA ELEMENTS--GENERAL INFORMATION | |
| fixed length control field | 100620s2010||||xxu|||||s|||||000 | eng d |
| 040 ## - CATALOGING SOURCE | |
| Original cataloging agency | PGUSA |
| Language of cataloging | eng |
| 042 ## - AUTHENTICATION CODE | |
| Authentication code | dc |
| 050 #4 - LIBRARY OF CONGRESS CALL NUMBER | |
| Classification number | E011 |
| 245 10 - TITLE STATEMENT | |
| Title | First Annual Report of the Bureau of Ethnology to the Secretary of the Smithsonian Institution : |
| Remainder of title | 1879-1880, Government Printing Office 1881 |
| Medium | [electronic resource] |
| 260 ## - PUBLICATION, DISTRIBUTION, ETC. (IMPRINT) | |
| Name of publisher, distributor, etc | Project Gutenberg, |
| Date of publication, distribution, etc | 2010 |
| 505 0# - FORMATTED CONTENTS NOTE | |
| Formatted contents note | Report of the Director -- On the evolution of language ... from a study of Indian languages / by J.W. Powell -- Sketch of the mythology of the North American Indians / by J.W. Powell -- Wyandot government: a short study of tribal society / by J.W. Powell -- On limitations to the use of some anthropologic data / by J.W. Powell -- A further contribution to the study of the mortuary customs of the North American Indians / by H.C. Yarrow -- Studies in Central American picture-writing / by Edward S. Holden -- Cessions of land by Indian tribes to the United States: illustrated by those in the State of Indiana / by C.C. Royce -- Sign language among North American Indians compared with that among other peoples and deaf-mutes / by Garrick Mallery -- Catalogue of linguistic manuscripts in the library of the Bureauy of Ethnology / by James C. Pilling -- Illustration of the method of recording Indian languages / from the manuscripts of J.O. Dorsey, A.S. Gatschet, and S.R. Riggs. |
| 506 ## - RESTRICTIONS ON ACCESS NOTE | |
| Terms governing access | Public domain in the USA. |
| 516 ## - TYPE OF COMPUTER FILE OR DATA NOTE | |
| Type of computer file or data note | Electronic text |
| 653 ## - INDEX TERM--UNCONTROLLED | |
| Uncontrolled term | Indians of North America -- Government relations |
| 653 ## - INDEX TERM--UNCONTROLLED | |
| Uncontrolled term | Indians of North America -- Religion |
| 653 ## - INDEX TERM--UNCONTROLLED | |
| Uncontrolled term | Indians of North America -- Languages |
| 653 ## - INDEX TERM--UNCONTROLLED | |
| Uncontrolled term | Indians of North America -- Folklore |
| 653 ## - INDEX TERM--UNCONTROLLED | |
| Uncontrolled term | Indians of North America |
| 653 ## - INDEX TERM--UNCONTROLLED | |
| Uncontrolled term | Indians of North America -- Funeral customs and rites |
| 653 ## - INDEX TERM--UNCONTROLLED | |
| Uncontrolled term | Indians of Central America -- Languages -- Writing |
| 653 ## - INDEX TERM--UNCONTROLLED | |
| Uncontrolled term | Indian mythology -- North America |
| 653 ## - INDEX TERM--UNCONTROLLED | |
| Uncontrolled term | Indians of North America -- Land tenure |
| 700 1# - ADDED ENTRY--PERSONAL NAME | |
| Personal name | Holden, Edward S. |
| Fuller form of name | (Edward Singleton), |
| Dates associated with a name | 1846-1914 |
| 700 1# - ADDED ENTRY--PERSONAL NAME | |
| Personal name | Pilling, James Constantine, |
| Dates associated with a name | 1846-1895 |
| 700 1# - ADDED ENTRY--PERSONAL NAME | |
| Personal name | Gatschet, Albert S. |
| Fuller form of name | (Albert Samuel), |
| Dates associated with a name | 1832-1907 |
| 700 1# - ADDED ENTRY--PERSONAL NAME | |
| Personal name | Dorsey, James Owen, |
| Dates associated with a name | 1848-1895 |
| 700 1# - ADDED ENTRY--PERSONAL NAME | |
| Personal name | Riggs, Stephen Return, |
| Dates associated with a name | 1812-1883 |
| 700 1# - ADDED ENTRY--PERSONAL NAME | |
| Personal name | Powell, John Wesley, |
| Dates associated with a name | 1834-1902 |
| 700 1# - ADDED ENTRY--PERSONAL NAME | |
| Personal name | Mallery, Garrick, |
| Dates associated with a name | 1831-1894 |
| 700 1# - ADDED ENTRY--PERSONAL NAME | |
| Personal name | Royce, Charles C., |
| Dates associated with a name | 1845-1923 |
| 700 1# - ADDED ENTRY--PERSONAL NAME | |
| Personal name | Yarrow, H. C. |
| Fuller form of name | (Harry Crécy), |
| Dates associated with a name | 1840-1929 |
| 830 #0 - SERIES ADDED ENTRY--UNIFORM TITLE | |
| Uniform title | Project Gutenberg |
| Volume number/sequential designation | 32938 |
| 856 40 - ELECTRONIC LOCATION AND ACCESS | |
| Uniform Resource Identifier | <a href="http://www.gutenberg.org/ebooks/32938">http://www.gutenberg.org/ebooks/32938</a> |
| 942 ## - ADDED ENTRY ELEMENTS (KOHA) | |
| Koha item type | eBooks |
| Withdrawn status | Lost status | Damaged status | Home library | Current library | Date acquired | Total Checkouts | Date last seen | Price effective from | Koha item type |
|---|---|---|---|---|---|---|---|---|---|
| Project Gutenberg | Project Gutenberg | 08/28/2014 | 08/28/2014 | 08/28/2014 | eBooks |